England Cricket Players 2019 - Statistics

General Stats
  • This quiz has been taken 244 times
  • The average score is 11 of 33
Answer Stats
Hint Answer % Correct
1 Joe Root
94%
4 James Anderson
73%
8 Stuart Broad
66%
28 Ben Stokes
65%
10 Jos Buttler
57%
5 Jofra Archer
52%
3 Moeen Ali
51%
32 Chris Woakes
50%
6 Jonny Bairstow
48%
33 Mark Wood
47%
26 Jason Roy
45%
25 Adil Rashid
43%
21 Jack Leach
41%
9 Rory Burns
41%
11 Sam Curran
39%
12 Tom Curran
34%
14 Joe Denly
30%
2 Eoin Morgan
28%
24 Liam Plunkett
25%
30 James Vince
22%
16 Ben Foakes
17%
22 Dawid Malan
17%
23 Craig Overton
16%
20 Chris Jordan
15%
18 Alex Hales
14%
31 David Willey
14%
13 Liam Dawson
14%
29 Olly Stone
11%
7 Sam Billings
10%
19 Keaton Jennings
7%
27 Phil Salt
4%
15 Ben Duckett
3%
17 Lewis Gregory
3%
No matching quizzes found
Score Distribution
Percent of People with Each Score
Percentile by Number Answered
Your Score History
You have not taken this quiz